Baby Names: Top 300 Girls' Names (1988) Quiz Stats

 Plays Quiz Updated Oct 2, 2018

Score 0/300 Timer 20:00
28 Plays Today
Ranking Name % Correct
222Ann
90.8%
34Mary
88.9%
10Elizabeth
87.6%
5Jennifer
87.4%
30Sara
87.4%
4Sarah
86.2%
1Jessica
86.1%
54Anna
84.3%
153Anne
83.1%
18Emily
82.7%
23Laura
82.2%
69Catherine
82%
19Rachel
81.5%
27Katherine
81.2%
60Maria
79.8%
3Amanda
79.7%
160Emma
79%
29Amy
78.3%
22Christina
78.3%
61Hannah
78.1%
11Lauren
78.1%
2Ashley
77.8%
71Julie
77.7%
230Kate
77.4%
43Lisa
77%
40Katie
76.7%
88Julia
76.7%
8Samantha
76.4%
51Christine
76.3%
21Michelle
76.2%
26Rebecca
76%
287Beth
75.2%
7Stephanie
74.6%
42Victoria
74.4%
16Melissa
73.7%
191Marie
73.6%
9Nicole
73.5%
140Susan
72.9%
134Olivia
72.3%
12Megan
72.1%
32Kelly
71.4%
77Patricia
71.3%
46Allison
70.7%
273Alexa
70.6%
93Margaret
70.4%
122Caroline
69.8%
17Danielle
69.5%
165Angel
69.4%
155Linda
69%
286Rose
68.9%
25Kimberly
68.4%
49Alexandra
68.1%
6Brittany
67.9%
166Grace
67.7%
85Diana
67.2%
14Heather
67.2%
35Andrea
65.7%
112Karen
65.7%
63Natalie
65.5%
38Angela
65%
118Abigail
64.9%
37Erin
64.6%
195Jenny
64.5%
211Kristi
64.4%
58Kristin
64.2%
86Molly
63.4%
15Amber
62.7%
97Alexis
62.5%
67Jenna
62.2%
185Barbara
61.8%
220Janet
61.2%
219Ellen
61.1%
24Courtney
60.6%
300Madison
60.6%
251Donna
60.6%
113Alison
60.4%
31Erica
60.4%
289Charlotte
60.4%
128Sandra
60.3%
50Alicia
60.1%
100Melanie
60%
250Deborah
60%
36Kristen
59.8%
131Carrie
59.6%
47Alyssa
58.9%
89Bethany
58.7%
72Holly
58.7%
41Vanessa
58.6%
62Jacqueline
58.5%
197Jill
58.5%
70Monica
58.4%
121Nancy
58.3%
96Brianna
58.3%
227Jessie
58.2%
202Wendy
57.7%
13Tiffany
57.7%
55Kathryn
57.6%
174Tina
57.5%
82Leah
57.4%
189Claire
57.4%
Ranking Name % Correct
170Theresa
57.4%
217Sharon
57.4%
83Veronica
57%
81Meghan
56.9%
20Kayla
56.7%
159Carolyn
56.5%
45Jamie
56%
102Taylor
55.6%
48Lindsey
55.4%
172Teresa
55.2%
123Brenda
55.1%
56Shannon
55%
57Lindsay
54.9%
75Kathleen
54.9%
226Sophia
54.8%
59Cassandra
54.4%
138Britney
54%
33Chelsea
54%
78Morgan
53.7%
136Jordan
53.6%
28Crystal
53.6%
184Pamela
53.6%
103Valerie
53.2%
65April
53%
126Stacy
52.9%
256Ruth
52.8%
132Joanna
52.7%
171Ana
52.7%
44Caitlin
52.5%
137Gabrielle
52.4%
68Kristina
52.3%
142Gina
52.1%
53Jasmine
51.9%
208Cara
51.9%
179Cindy
51.9%
214Abby
51.8%
66Tara
51.8%
241Lori
51.8%
173Tracy
51.7%
79Cynthia
51.7%
90Dana
51.7%
242Carla
51.6%
233Amelia
51.6%
52Brittney
51.5%
104Jillian
51.3%
274Madeline
51.1%
282Jasmin
50.7%
235Evelyn
50.7%
280Maggie
50.7%
107Kaitlyn
50.7%
180Audrey
50.4%
299Hope
50.3%
221Caitlyn
50.1%
101Marissa
50%
124Alexandria
50%
87Brooke
49.9%
263Rosa
49.8%
76Erika
49.6%
279Suzanne
49.3%
95Kara
49.3%
139Denise
49.1%
119Stacey
48.9%
143Haley
48.8%
232Christy
48.6%
84Katelyn
48.4%
175Cassie
48.1%
176Carly
48%
231Martha
47.9%
99Rachael
47.4%
64Kelsey
47.1%
94Leslie
46.8%
206Michele
46.7%
92Casey
46.6%
73Natasha
46.6%
151Paige
46.2%
144Miranda
46.1%
295Joy
45.9%
158Briana
45.5%
149Melinda
45.3%
281Cheryl
45%
39Whitney
44.8%
196Kristine
44.8%
213Kirsten
44.3%
212Nina
44.1%
296Kylie
44%
205Kristy
43.9%
98Kaitlin
43.4%
186Tanya
43.3%
247Dawn
42.8%
198Ashleigh
42.7%
292Jade
42.6%
109Angelica
42.4%
169Autumn
42%
269Destiny
41.9%
161Robin
41.4%
199Savannah
41.3%
293Aubrey
41.3%
225Daisy
41.2%
150Kelli
41.1%
298Bonnie
40.8%
Ranking Name % Correct
183Tamara
40.8%
283Melody
40.6%
133Ashlee
40.6%
80Kendra
40.6%
106Brandy
40.4%
243Aimee
40.3%
111Krista
40.2%
245Hillary
40.1%
178Bridget
40.1%
203Virginia
40.1%
223Lydia
40.1%
110Katrina
40%
270Gloria
39.9%
74Krystal
39.8%
152Meredith
39.8%
255Naomi
39.8%
167Colleen
39.5%
162Heidi
39.5%
114Nichole
39.3%
117Candace
39.3%
254Tonya
39.1%
275Esther
39%
258Summer
38.8%
268Bailey
38.7%
146Renee
38.5%
277Ariel
38.2%
253Allyson
38.1%
141Meagan
38%
240Elise
37.9%
130Candice
37.9%
272Christa
37.4%
168Rebekah
37.3%
187Kari
37.3%
252Nikki
37.1%
116Sabrina
37.1%
210Breanna
36.7%
163Deanna
36.7%
276Sydney
36.6%
91Brandi
36.5%
261Hilary
36.3%
238Jocelyn
36.3%
236Kellie
36.1%
105Felicia
35.7%
120Mallory
35.5%
257Gabriela
35.1%
284Shelby
34.8%
228Stefanie
34.7%
266Jaime
34.6%
177Justine
34.5%
125Alisha
34.4%
224Carmen
34.3%
193Adrienne
34%
288Karla
33.9%
190Adriana
33.6%
207Claudia
32.9%
248Regina
32.6%
181Sierra
32.6%
135Monique
32.3%
108Bianca
32%
154Tabitha
31.9%
194Misty
31.9%
201Kasey
31.7%
115Jaclyn
31.6%
129Lacey
31.6%
237Toni
31.6%
234Kelley
31.4%
246Trisha
31.4%
259Robyn
31.2%
148Chelsey
30.9%
249Marisa
30.8%
147Sasha
30.8%
239Shawna
30.6%
262Jeanette
30.6%
291Sylvia
30.2%
188Cristina
30%
182Jacquelyn
29.9%
156Priscilla
29.4%
127Desiree
28.8%
278Rachelle
28.2%
297Keri
27.6%
209Janelle
27.6%
200Tasha
27.6%
145Dominique
27%
229Raquel
27%
267Shana
27%
157Latoya
26.2%
218Roxanne
26.1%
285Brittani
26%
204Karina
25.4%
265Cortney
25.1%
294Carissa
24.9%
164Ebony
23.5%
260Randi
22.7%
264Krystle
22.6%
290Sheena
20.7%
244Latasha
20.6%
216Tiara
19.5%
215Yesenia
18.9%
271Shanice
16.5%
192Mayra
16.1%

You're not logged in!

Compare scores with friends on all Sporcle quizzes.
OR
Log In

You Might Also Like...

Show Comments

Extras

Top Quizzes Today


Score Distribution

Your Account Isn't Verified!

In order to create a playlist on Sporcle, you need to verify the email address you used during registration. Go to your Sporcle Settings to finish the process.

Report this User

Report this user for behavior that violates our Community Guidelines.

Details: